000 00432nam a2200157 i 4500
001 37023
003 ES-MaACL
005 20230906155504.0
007 t|
008 030220q19001999fr ||||1| fre d
100 1 _aBrunetière, Ferdinand.
_932173
245 1 0 _aQuestions de critique /
_cpar Ferdinand Brunetière.
260 _a[Coulommiers] :
_bPaul Brodard,
_c[19--?]
300 _a324 p. ;
_c19 cm.
852 _aES-MaACL
_jF-8422
999 _c37023
_d37023